|
|
|
|
| LEADER |
00000nam a22000007a 4500 |
| 005 |
20201023123033.0 |
| 007 |
cr|||| |||| |
| 008 |
201023s2020 co |||||s|||| 00||0 spa d |
| 020 |
|
|
|a 978-958-784-399-6
|
| 035 |
|
|
|a 32088
|
| 040 |
|
|
|a vLex
|
| 090 |
|
|
|c 10786
|d 10786
|
| 100 |
1 |
|
|a Lp̤ez Cr̀denas, Carlos Mauricio
|
| 245 |
1 |
0 |
|a Reflexiones sobre el Sistema Interamericano de Derechos Humanos
|h [Recurso electrn̤ico] /
|c Carlos Mauricio Lp̤ez Cr̀denas
|
| 256 |
|
|
|a Servicio en ln̕ea
|
| 260 |
|
|
|a Bogot:̀
|b Editorial Universidad de Rosario (Colombia),
|c 2020
|
| 300 |
|
|
|a 1 recurso electrn̤ico
|
| 500 |
|
|
|a En este libro se presentan once capt̕ulos con estudios y reflexiones sustanciales acerca de los aspectos ms̀ contemporǹeos de los derechos humanos que ataęn al funcionamiento y la evolucin̤ del Sistema Interamericano de Proteccin̤ de Derechos Humanos. As,̕ esta obra de carc̀ter colectivo presenta una serie de estudios relacionados con la responsabilidad internacional del Estado cuyas temt̀icas, aunque abarcan tp̤icos que podra̕n parecer cls̀icos, se sumergen en los debates ms̀ recientes que ataęn al hemisferio americano, tales como la compatibilidad entre la lucha contra la impunidad y los marcos de justicia transicional, el alcance del derecho a la verdad y el acceso a la informacin̤, la aplicacin̤ extraterritorial de la Convencin̤ Americana de Derechos Humanos e incluso la posibilidad de aplicar la doctrina de la responsabilidad agravada en el derecho interno. As ̕mismo, el texto aborda, desde una mirada reflexiva y crt̕ica, temas relacionados con el deber de investigar, la discriminacin̤ basada en la orientacin̤ sexual e incluso un marco comparativo sobre la evolucin̤ de este sistema de proteccin̤ en relacin̤ con su par europeo.
|
| 506 |
1 |
|
|a Disponible solo en los productos indicados
|d vLex Global
|d vLex Global (Academic Edition, excluding Law Schools)
|d vLex Global (U.S. Academic Edition, Law Schools)
|d vLex Global (U.S. Academic Edition, excluding Law Schools)
|d vLex Global (Academic Edition, Law Schools)
|
| 650 |
0 |
4 |
|a Derecho Constitucional
|z Colombia
|
| 650 |
0 |
4 |
|a Economa̕ Espaǫla
|z Colombia
|
| 740 |
0 |
|
|a vLex Libros (Servicio en ln̕ea)
|
| 856 |
4 |
0 |
|u http://vlex.com/source/reflexiones-sobre-el-sistema-interamericano-de-derechos-humanos-32088
|z Acceso restringido
|
| 942 |
|
|
|c BOOK
|
| 999 |
0 |
|
|a Constitutional Law
|
| 999 |
0 |
|
|a Spanish Economy
|